| 000 | 00559nam a22001697a 4500 | ||
|---|---|---|---|
| 005 | 20251218143920.0 | ||
| 008 | 251218b |||||||| |||| 00| 0 eng d | ||
| 040 | _cVITAP | ||
| 082 |
_223rd Ed. _a954.030924 CHA |
||
| 245 |
_aMohandas Karamchand Gandhi Satyasodhana Athmakatha _c/ Edited by Kata Chandrahas _hTelugu |
||
| 250 | _a1st Ed. | ||
| 260 |
_aHyderabad _bCLS Publishers LLP _c2024 |
||
| 300 | _a318p. : ill. ; 22cm | ||
| 650 | 0 |
_aGandhi, Mahatma, 1869–1948 — Autobiography _916791 |
|
| 700 |
_aChandrahas, Kata _916792 _eEditor |
||
| 942 |
_2ddc _cREF |
||
| 999 |
_c47128 _d47128 |
||